LEADER 00961nam0-2200325---450- 001 990009637100403321 005 20121022135744.0 010 $a978-88-645-3034-5 035 $a000963710 035 $aFED01000963710 035 $a(Aleph)000963710FED01 035 $a000963710 100 $a20121022d2009----km-y0itay50------ba 101 0 $aita 102 $aIT 105 $aa-------001yy 200 1 $aFilosofia dei metodi induttivi e logica della ricerca$fMaria Grazia Sandrini 210 $aFirenze$cFirenze university press$d2009 215 $aX, 160 p.$cill.$d24 cm 225 1 $aManuali$iUmanistica$v10 610 0 $aInduzione 676 $a161$v22$zita 700 1$aSandrini,$bMaria Grazia$0117373 801 0$aIT$bUNINA$gREICAT$2UNIMARC 901 $aBK 912 $a990009637100403321 952 $aCollez. 2017 (10)$b49802$fFSPBC 959 $aFSPBC 996 $aFilosofia dei metodi induttivi e logica della ricerca$9847747 997 $aUNINA LEADER 02096nam 2200625 a 450 001 9910454259103321 005 20210107025456.0 010 $a1-282-15678-0 010 $a9786612156786 010 $a90-272-9450-X 035 $a(CKB)1000000000521645 035 $a(OCoLC)70774140 035 $a(CaPaEBR)ebrary10080011 035 $a(SSID)ssj0000111026 035 $a(PQKBManifestationID)11137774 035 $a(PQKBTitleCode)TC0000111026 035 $a(PQKBWorkID)10080134 035 $a(PQKB)11497716 035 $a(MiAaPQ)EBC622272 035 $a(EXLCZ)991000000000521645 100 $a20150424d2005 uy| 0 101 0 $aeng 135 $aur|||---||||| 181 $ctxt$2rdacontent 182 $cc$2rdamedia 183 $acr$2rdacarrier 200 10$aBeyond Rhetorical Questions$b[electronic resource] $eAssertive Questions in Everyday Interaction /$fIrene Koshik 210 $aAmsterdam ;$aPhiladelphia, PA, USA $cJohn Benjamins Publishing Company$d2005 210 $cJohn Benjamins Publishing Company 215 $a1 online resource (193 p.) 225 1 $aStudies in discourse and grammar ;$vv. 16 300 $aBibliographic Level Mode of Issuance: Monograph 311 $a1-58811-632-8 311 $a90-272-2626-1 320 $aIncludes bibliographical references (pages 169-174) and indexes. 410 0$aStudies in discourse and grammar ;$vv. 16 606 $aConversation analysis 606 $aQuestioning 606 $aLANGUAGE ARTS & DISCIPLINES$2bisac 606 $aLinguistics / General$2bisac 606 $aJournalism & Communications$2HILCC 606 $aCommunication & Mass Media$2HILCC 615 0$aConversation analysis. 615 0$aQuestioning. 615 7$aLANGUAGE ARTS & DISCIPLINES 615 7$aLinguistics / General 615 7$aJournalism & Communications 615 7$aCommunication & Mass Media 700 $aKoshik$b Irene$0977999 801 0$bPQKB 801 2$bAzTeS 906 $aBOOK 912 $a9910454259103321 996 $aBeyond Rhetorical Questions$92227991 997 $aUNINA LEADER 01112nas 2200409-a 450 001 9910895642803321 005 20260218110053.0 035 $a(DE-599)ZDB2577647-2 035 $a(OCoLC)513442366 035 $a(CKB)1000000000804376 035 $a(CONSER)--2010243789 035 $a(DE-599)2577647-2 035 $a(EXLCZ)991000000000804376 100 $a20100215b20092016 --- - 101 0 $aeng 135 $aur||||||||||| 181 $ctxt$2rdacontent 182 $cc$2rdamedia 183 $acr$2rdacarrier 200 00$aJournal of pediatric sciences 210 $aTurkey $cJournal of Pediatric Sciences 300 $aRefereed/Peer-reviewed 311 08$a1309-1247 517 3 $aJPS 531 1 $aJ pediatr sci 606 $aPediatrics$vPeriodicals 606 $aPediatrics 606 $aPediatrics$2fast$3(OCoLC)fst01056503 608 $aPeriodical. 608 $aPeriodicals.$2fast 615 0$aPediatrics 615 12$aPediatrics. 615 7$aPediatrics. 906 $aJOURNAL 912 $a9910895642803321 996 $aJournal of pediatric sciences$94233230 997 $aUNINA